| 000 | 00783cab a22001935a 4500 | ||
|---|---|---|---|
| 001 | L153832 | ||
| 008 | 110912s2011 xxka f 000 0 eng d | ||
| 035 | _a(Sirsi) u153832 | ||
| 041 | 0 | _aeng | |
| 245 | 0 | 0 |
_aStandard forms of partnering contracts _bthe ultimate contractual commitment? Part 6 |
| 260 | _c2011 | ||
| 490 |
_aCivil Engineering Surveyor _vSeptember 2011, 45-48(4) |
||
| 520 | _aConsiders how the forms encourage and incentivise the parties to improve aspects of their performance, together with the management of the supply chain. PPC2000, NEC3, JCT. | ||
| 590 | _aKA | ||
| 651 | 4 |
_aUnited Kingdom _y |
|
| 690 | _aBUILT ENVIRONMENT-BUILDING CONTRACT FORMS-STANDARD FORMS OF BUILDING CONTRACT | ||
| 690 | _aBUILT ENVIRONMENT-CONSTRUCTION MANAGEMENT | ||
| 942 | _n0 | ||
| 999 |
_c83395 _d83395 |
||